000 01355nam0a2200325 4500
001 RU\NLR\bibl\566689
005 20250609163929.0
010 _a5-900761-33-9
_9500
021 _aRU
_b2004-54537
_92675
035 _a(NLR Aleph) 000558778
090 _a1519013
_c1519013
100 _a20041025d2004 |||y0rusy50 ca
101 0 _arus
102 _aRU
105 _aa |||||||||
200 1 _aЭнциклопедия агролесомелиорации
_fСост. и гл. ред. Е.С. Павловский
210 _aВолгоград
_cВНИАЛМИ
_d2004
215 _a674,[2] с.
_cил., цв. ил., портр., карт.
_d25
320 _aБиблиогр.: с. 648-655 (306 назв.) и в конце слов. ст.
320 _aУказатели: Имен., предм., растений, н.-и. орг. и вузов, науч.-произв. объектов: с. 656-674
606 0 _aАгролесомелиорация
_jЭнциклопедии
_9897249
_3RU\NLR\auth\665390
686 _aП347я20
702 1 _4220
_aПавловский
_bЕ. С.
_cд-р с.-х. наук
_f1923-
_gЕвгений Семенович
_9132811
_3RU\NLR\AUTH\770132845
801 0 _aRU
_bNLR
_c20041025
_gPSBO
801 1 _aRU
_bNLR
_c20041025
830 _aСост. по кн
942 _cBOOK
980 _aNB